Two under the Indian sun : (Record no. 100088)

MARC details
000 -LEADER
fixed length control field 00608nam a22001937a 4500
005 - DATE AND TIME OF LATEST TRANSACTION
control field 20230530144604.0
010 ## - LCCN (DPL NO)
LC control number ENG-115163
020 ## - INTERNATIONAL STANDARD BOOK NUMBER
International Standard Book Number 97899385755743
Terms of availability 299.00
035 ## - SYSTEM CONTROL NUMBER
System control number EN-98695
037 ## - SOURCE OF ACQUISITION
Source of stock number/acquisition DBAD/PUB
082 ## - DEWEY DECIMAL CLASSIFICATION NUMBER
Classification number 808.883
100 ## - MAIN ENTRY--PERSONAL NAME
Personal name Godden, Jon
245 ## - TITLE STATEMENT
Title Two under the Indian sun :
Remainder of title a memoir /
Statement of responsibility, etc by Jon Godden [and] Rumer Godden ; foreworded by Paro Anand
260 ## - PUBLICATION, DISTRIBUTION, ETC. (IMPRINT)
Place of publication, distribution, etc New Delhi
Name of publisher, distributor, etc Speaking Tiger
Date of publication, distribution, etc 2016
270 ## - ADDRESS
Address 4381/4,Ansari Road, Daryaganj,
City New Delhi
Postal code 110002
300 ## - PHYSICAL DESCRIPTION
Extent 247p.
Dimensions 20cm(pbk)
700 ## - ADDED ENTRY--PERSONAL NAME
Personal name Godden,Rumer
942 ## - ADDED ENTRY ELEMENTS (KOHA)
Source of classification or shelving scheme Dewey Decimal Classification
Item type English Books
Classification part 808.883
Call number suffix GOD
Holdings
Withdrawn status Lost status Not for loan Collection code Home library Current library Date acquired Source of acquisition Cost, normal purchase price Full call number Barcode Copy number Cost, replacement price Koha item type
      Non-fiction Ashok Vihar Ashok Vihar 26/05/2016 DBAD/PUB 299.00 808.883 GOD EN-98695 1 299.00 English Books

© Delhi Public Library
Hit Counter
free hit counter